Statistics for Kingdom Hearts 3

Click here to take the quiz!

General Stats

  • This quiz has been taken 99 times
  • The average score is 86 of 121

Answer Stats

HintAnswer% Correct
Who is the main protagonist who clashes with the main antagonistSora
100%
Who is the main protagonists best friend who journeys into the dark worldRiku
98%
Who is the evil replica version of one of the main protagonistRiku Replica
98%
Who is the keyblade master that is stuck in the realm of darkness, is taken over by darkness, but is saved by the main protagonistAqua
97%
Who is the main protagonists other best friend, he sacrifices his life for herKairi
97%
Who is the ex organization member who trains with one of the main characters friends and is waiting for his best friendsAxel
95%
Who is the main protagonist main party member, uses shield attacksGoofy
95%
Who is the king of disney castle, also journeys to the dark worldKing Mickey
95%
Who was the keyblade wielder that takes back his body, his heart was in the dark bodyguardTerra
95%
Who was the version of the main antagonist that had the form of a keyblade weilderTerra-Nort
95%
Who is the main protagonist main party member, uses spellsDonald Duck
94%
Who is the boy that was sleeping without his heart in the Land of Departure and reawakens to save his friend from being killedVentus
94%
Who is the heartless version of the main antagonistAnsem
92%
Who was the remade replica that wields two keyblades and saved his 2 best friendsRoxas
92%
Who is the nobody version of the main antagonistXemnas
92%
Who was the nobody that used the element lightningLarxene
89%
Who was the nobody that uses a scythe and was with rose petalsMarluxia
89%
Who is the queen of Disney CastleMinnie Mouse
89%
Who is the blue haired nobody who was driven by rage and jealously because of his best friendSaix
89%
Who is the main antagonistXehanort
89%
Who is the black nosed chipmunk that works with the main protagonist's technologyChip
88%
Who is the party member that is very strong and also a GodHercules
88%
Who was the nobody who used cardsLuxord
88%
Who is the King of Disney castle's dogPluto
88%
Who was the negative emotion of a guardian of light, looks almost identical to the main protagonistVanitas
88%
Who is the nobody that had 2 guns and also later was revealed he was the apprentice to keyblade mastersXigbar
88%
Who is the girl that was best friends with 2 boys, she had the power to wield the keyblade, became goodXion
88%
Who is the wizard that keeps tides on the balance of light and darkness, also trained the KingYen Sid
88%
Who is the God of the underworld that wants to destroy the cityHades
86%
Who is ^'s fatherZeus
86%
Who is the Magician at disney castle's girlfriendDaisy Duck
84%
Who is ^'s brother and has a red noseDale
84%
Who was the nobody that used the element water, betrayed the new organizationDemyx
84%
Who is the evil witch that is looking for a box the entire gameMaleficent
84%
Who is the witches pawn that helps her look for the boxPete
84%
Who is the bear that loves honeyWinnie The Pooh
84%
Who is the link that is a mermaidAriel
83%
Who is the cricket that journals the adventures of the main protagonistJiminy Cricket
83%
Who is the girl that the party member who is a god lovesMeg
83%
Who is the magician that trains two protagonist's to use the keyblade, also give the main protagonist a book to see an old friendMerlin
83%
What is the first world called that houses a GodOlympus
83%
Who was the nobody that created the replicas, also known as a scientist, used the element ice, also betrayed the organizationVexen
83%
Who is the toy that weapons turned real, loves to say "To infinity and Beyond"Buzz Lightyear
81%
Who is the link that is a lionSimba
81%
Who is the man that replaces the captain of the Flying Dutchman after he diesWill Turner
81%
Who is the younger version of the main antagonistYoung Xehanort
81%
Who was the Keyblade master that tells the main antagonist to end the fightMaster Eraqus
80%
Who is the sheriff that travels to the toy store looking for his friendsWoody
80%
Who is the animal that loves to bounceTigger
78%
What is the name of the world that the main protagonist visits after the first worldTwilight Town
78%
Who was the man that had many apprentices and helps rebuild some of the replicasAnsem the Wise
77%
Who is the pirate that is stuck with Jones after being attacked by a creature in the seaCaptain Jack Sparrow
77%
Who is the thrid one, its a girlOlette
77%
Who is the bear's best friend, small, pinkPiglet
77%
Who is the dinosaur that loves to play video gamesRex
77%
Who is the winter girls sister that is queen of the castleAnna
75%
Who is the girl that is 'cursed' with the power of ice, almost killed by a human to end the winterElsa
75%
What is the name of the "walking, talking, snowman"Olaf
75%
Who is the second onePence
75%
Who is the rabbit that is getting ready for the harvestRabbit
75%
Who is one of the three friends who live in this townHayner
73%
Who is the one eyed creatureMike Wazowski
73%
Who is the Pegasus that flys aroundPegasus
73%
Who is the creature that trained the god to be strong enough to go homePhil
73%
Who owns the restaurant in the townScrooge
73%
Who is the link that builds cannons and likes to wreck stuffWreck it Ralph
73%
Who is the little girl that needs to get back to her doorBoo
72%
Who was the nobody of a main protagonist that was using a replica body at the end of the gameNamine
72%
Who is the rat that prepares food for the main protagonistLittle Chef
70%
Who is the furry creature that is also known as kittySulley
70%
What is the world that makes the heros toysThe Toy Box
70%
Who is the Titan made of iceIce Titan
69%
Who is the Titan made of magmaMagma Titan
69%
Who is the Titan that is made of RockRock Titan
69%
Who is the small animal, has a mother named kanga, loves to also bounceRoo
69%
Who is the Titan that is created by windWind Titan
69%
What is the name of the world that is snowingArendelle
67%
Who was the ex nobody who became a scientist for the main protagonistIenzo
67%
Who was the armored version of ^, his soul was in the armor that fought for his bodyThe Lingering Will
67%
Who was the ex nobody who became a body guard for their base, another good guyDilan
66%
What is the name of the robot that destroys evil and is to protect the good peopleBaymax
64%
What is the creature in the sea that attacks and destroys ships, it has many tentaclesKraken
64%
What is the name of the world with a big citySan Fransokyo
64%
Who is the link that is a mutant creatureStitch
64%
What is the world with a kingdom and a lonely towerThe Kingdom of Corona
64%
Who is the man that brings the girl from her tower out into the worldFlynn Rider
63%
Who is the man that tries to kill the sister that made the log winterHans
61%
What is the name of the reindeer that accompanies the mountaineer and the queenSven
61%
Who was the ex nobody who became a body guard for their base, a good guyAeleus
59%
Who is the mountaineer that friends the queen of the castle and are on a mission to save her sisterKristoff
59%
Who are the Final Fantasy character that synthesis, and sell the main character stuffMoogles
59%
Who is the girls 'mother' that attacks the girl in a dark formMother Gothel
59%
What is the name of the captain's shipThe Black Pearl
59%
Who is the woman that takes over the pirate fleet to destroy the imperials, loves a man who becomes the new captain of the flying DutchmanElizabeth Swan
58%
Who is the boy who built the robot after his first was taken over by darknessHiro Hamada
58%
Who is the sargent of the green army menSarge
58%
What is the name of the world that has the battle for the ultimate KeyBladeThe Keyblade Graveyard
58%
What is the name of the world that turns the heros into monstersMonstropolis
56%
Who is the piggy bank that travels to the storeHamm
55%
Who is the monster that tries to kill the main characters, he is a rival to the two party members of the worldRandall Boggs
55%
What is the World that is inside a bookThe 100 Acre Woods
55%
What is the name of the Ultimate KeyBladeX-Blade
55%
Who is the animal that loves to go undergroundGopher
53%
What is the name of the creature that joins the party to protect his makerMarshmallow
53%
What is the name of the world that the main character goes to when he diesThe Final World
50%
Who is the girl that roller skates to fight enemiesGo Go
48%
What is the name of the world with a whole ocean to exploreThe Carribean
48%
Who is the sea witch that when done a ritual, calls in a sea 'god'Tia Dalma
48%
Who is the creature that is in the world the protagonist must find all his piecesChirithy
47%
This is another man who is part of Big Hero 6Fred
45%
This is a woman who is part of Big Hero 6Honey Lemon
45%
This is a man who is part of Big hero 6Wasabi
44%
What is the place that the captain is trapped in, crabs help him escapeDavey Jones' Locker
42%
Who is the captains 'loyal' crew member that helps man his shipJoshamee Gibbs
42%
What is the name of the mans horseMaximus
39%
Who is the link that is a Dream EaterMeow Wow
39%
Who is the elephant who is new to the seriesLumpy
34%
Who is the lead imperial that is forcing the captain of the Flying Dutchman to kill all the pirates in the seaCutler Beckett
31%
Who is the monster that captured the captain, destroyed most of the pirates in the ocean, forced to side with the imperials because he is not in control of his heart, final boss of the worldDavey Jones
31%
What is the name of the world that two guardians of light go to find a missing member in the darknessThe Dark World
28%
Who is the girl with long hairRepunzel
13%

Score Distribution

Percentile by Number Answered

Percent of People with Each Score

Your Score History

You have not taken this quiz